Praktická anglická a americká korešpondencia GB/USA /
Enregistré dans:
| Auteurs principaux: | , |
|---|---|
| Format: | Livre |
| Langue: | multilingue |
| Publié: |
Bratislava :
Mladé letá,
1994
|
| Édition: | 1.vyd. |
| Collection: | Jazyky pre všetkých
|
| Tags: |
Pas de tags, Soyez le premier à ajouter un tag!
|
MARC
| LEADER | 00000nam a22000003a 4500 | ||
|---|---|---|---|
| 001 | stu7093 | ||
| 005 | 20150617225809.5 | ||
| 008 | 941111s1994----xo------------------mul-d | ||
| 020 | |a 80-06-00486-2 | ||
| 040 | |a STU |b slo | ||
| 041 | 0 | |a mul | |
| 044 | |a xo | ||
| 080 | |a 651.7(038)=854=20 | ||
| 080 | |a 801.316.4 |7 4969 | ||
| 100 | 1 | |a Geoghegan, Crispin Michael |4 aut | |
| 245 | 1 | |a Praktická anglická a americká korešpondencia GB/USA / |c [aut.] Geoghegan,Crispin Michael; Gonthierová,Jacqueline | |
| 250 | |a 1.vyd. | ||
| 260 | |a Bratislava : |b Mladé letá, |c 1994 | ||
| 300 | |a 220 s | ||
| 700 | 1 | |a Gonthierová, Jacqueline |4 aut | |
| 830 | 0 | |a Jazyky pre všetkých | |
| 996 | |b E79401 |c E*79401 |l EE30 |s P |a 0 |w stu7093_0001 | ||